Statistics for A Hard Day's Night - The Beatles (All Lyrics)

Click here to take the quiz!

General Stats

  • This quiz has been taken 412 times
    (77 since last reset)
  • The average score is 210 of 245

Answer Stats

Answer% Correct
a
100%
be
100%
been
100%
day
100%
day's
100%
hard
100%
I
100%
it
100%
It's
100%
it's
100%
night
100%
do
99%
I've
99%
like
99%
And
97%
work
97%
You
97%
you
97%
dog
96%
When
96%
when
96%
working
96%
get
91%
to
91%
To
91%
home
88%
me
87%
sleeping
87%
feel
86%
the
86%
alright
84%
log
84%
all
83%
But
83%
should
83%
that
83%
make
81%
things
80%
know
78%
buy
77%
money
75%
Will
71%
I'm
70%
right
68%
everything
67%
Everything
67%
yeah
65%
find
62%
seems
61%
Tight
59%
tight
59%
hear
58%
holding
58%
say
58%
So
58%
OK
57%
alone
54%
give
54%
just
52%
You're
52%
Feeling
51%
gonna
49%
on
48%
why
42%
worth
42%
earth
33%
'Cause
32%
moan
28%

Score Distribution

Percentile by Number Answered

Percent of People with Each Score

Your Score History

You have not taken this quiz since the last reset